• 首页
  • 本馆介绍
  • 公告通知
  • 最新文献
  • 馆藏检索
  • 电子资源
  • 读者导购
  • 参考咨询
  • 我的图书馆
  • 登录
  • 详细信息显示
  • 放入我的书架
  • 预约/预借图书
  • 作者相关作品
  • 分类相关作品
  • 丛书相关作品
  • 出版社相关作品

书目信息

  • 表格格式
  • 工作单格式
  • 卡片格式
题名:
咬文嚼字的逻辑
    
 
作者: 李衍华 著
分册:  
出版信息: 北京   北京大学出版社  2005
页数: 155页
开本: 23cm
丛书名: 逻辑时空丛书
单 册:
中图分类: H0-05
科图分类:
主题词: 汉语--病句--逻辑错误--分析 , 汉语 , 病句 , 逻辑错误 , 语言逻辑
电子资源:
ISBN: 7-301-09225-3
000 00927oam2 2200301 450
001 012007393753
005 20070516165020.29
010    @a7-301-09225-3@dCNY18.00
100    @a20070509d2005 km y0chiy0120 ea
101 0  @achi
102    @aCN@b110000
105    @ay z 000yy
106    @ar
200 1  @a咬文嚼字的逻辑@Ayao wen jiao zi de luo ji@f李衍华著@Fli yan hua zhu
210    @a北京@c北京大学出版社@d2005
215    @a155页@d23cm
225 2  @a逻辑时空丛书
330    @a本书内容基本上概括了语言表达中常见的逻辑错误类型,即概念方面的逻辑错误、判断方面的逻辑错误、推理方面的逻辑错误、逻辑思维基本规律方面的错误、论证方面的逻辑错误。
461  0 @12001 @a逻辑时空丛书
606 0  @a汉语@x病句@x逻辑错误@x分析
606 0  @a汉语
606 0  @a病句
606 0  @a逻辑错误
606 0  @a语言逻辑
690    @aH0-05@v4
701  0 @a李衍华@Ali yan hua@4著
801  0 @aCN@bRULIN@c20070516
905    @dH0-05@s8
    
    咬文嚼字的逻辑/李衍华著.-北京:北京大学出版社,2005
    155页;23cm.-(逻辑时空丛书)
    
    
    ISBN 7-301-09225-3:CNY18.00
    本书内容基本上概括了语言表达中常见的逻辑错误类型,即概念方面的逻辑错误、判断方面的逻辑错误、推理方面的逻辑错误、逻辑思维基本规律方面的错误、论证方面的逻辑错误。
●
相关链接 在E读中查询图书 在五车中查询图书 在当当中查询图书 在豆瓣中查询图书


正题名:咬文嚼字的逻辑     索取号:H0-05         预约/预借

序号 登录号 条形码 馆藏地/架位号 状态 备注
1 0578483   205784837   第二样本阅览室/ [索取号:H0-05] 在馆    
2 0578484   205784846   第四借阅区/ [索取号:H0-05] 在馆    
3 0578485   205784855   第四借阅区/ [索取号:H0-05] 在馆    
4 0578486   205784864   第四借阅区/ [索取号:H0-05] 在馆    
5 0578487   205784873   第四借阅区/ [索取号:H0-05] 在馆    
6 0578488   205784882   第四借阅区/ [索取号:H0-05] 在馆    
7 0578489   205784891   第四借阅区/ [索取号:H0-05] 在馆    
8 0578490   205784908   第四借阅区/ [索取号:H0-05] 在馆    
唐山师范学院图书馆 欢迎您!
大连网信软件有限公司© 版权所有